Statistics for Name the Movie that made these songs famous

Click here to take the quiz!

General Stats

  • This quiz has been taken 42 times
  • The average score is 4 of 9

Answer Stats

HintAnswer% Correct
Eye of the TigerRocky
89%
Bohemian RhapsodyWayne's World
70%
Don't you (Forget about me)The Breakfast Club
57%
Power of LoveBack to the Future
41%
What I've DoneTransformers
27%
Blaze of GloryYoung Guns
24%
In Your Eyessay anything
19%
Man in MotionSt. Elmo's Fire
16%
Supermassive Black HoleTwilight
14%

Score Distribution

Percentile by Number Answered

Percent of People with Each Score

Your Score History

You have not taken this quiz